Globálny trh cukroviniek na výslní

Spotreba čokolády na Slovensku a v iných krajinách. Čokoládové a nečokoládové cukrovinky. Ponuka cukroviniek prostredníctvom predajcov. Cukrovinky v špecializovaných predajniach. Silná konkurencia značiek na slovenskom trhu.

Salvato in:
Dettagli Bibliografici
Autore principale: Krajmerová, Eva
Natura: Capitolo di libro
Lingua:slovacco
Soggetti:
Tags: Aggiungi Tag
Nessun Tag, puoi essere il primo ad aggiungerne!!

MARC

LEADER 00000naa a2200000 4500
001 r033455
005 20230929112508.3
041 0 |a slo 
044 |a SK 
245 1 0 |a Globálny trh cukroviniek na výslní  |c Eva Krajmerová 
520 |a Spotreba čokolády na Slovensku a v iných krajinách. Čokoládové a nečokoládové cukrovinky. Ponuka cukroviniek prostredníctvom predajcov. Cukrovinky v špecializovaných predajniach. Silná konkurencia značiek na slovenskom trhu. 
610 2 0 |a čokoláda 
610 2 0 |a pochutiny 
610 2 0 |a potraviny 
610 2 0 |a cukor 
610 2 0 |a predajcovia 
610 2 0 |a značky výrobné 
610 2 0 |a trh potravinový 
610 2 0 |a Slovensko 
100 1 |a Krajmerová, Eva